000 01115cam a2200313 i 4500
999 _c41693
_d41693
001 831254
003 OSt
005 20221102160854.0
008 770909s1977 ctua b 001 0 eng
010 _a 77013365
020 _a9788123909790
020 _a0870552457.
_a0870552538
040 _aDLC
_cDLC
_dDLC
050 0 0 _aSF253
_b.N38 1977
082 0 0 _a637.028
_bATH/C
100 1 _aAtherton, Henry V.
_99224
245 1 0 _aChemistry and testing of dairy products /
_cHenry V. Atherton, J. A. Newlander.
250 _a4th ed.
260 _aWestport, Conn. :
_bAvi Pub. Co.,
_cc1977.
300 _aix, 396 p. :
_bill. ;
_c23 cm.
500 _aThird ed. by J. A. Newlander and H. V. Atherton.
504 _aIncludes bibliographies and index.
650 0 _aDairy products
_xAnalysis.
650 0 _aDairy products
_xTesting.
700 1 _aNewlander, John Alvin,
_d1891-
_ejoint author.
700 1 _aNewlander, John Alvin,
_d1891-
_tChemistry and testing of dairy products.
906 _a7
_bcbc
_corignew
_d1
_eocip
_f19
_gy-gencatlg
942 _2ddc
_cBK
_h637.028
_iATH/C
_k637.028
_mATH/C